000 00586nam a2200205Ia 4500
005 20241129111325.0
008 241129s9999||||xx |||||||||||||| ||und||
037 _aTB
040 _aCRL
_beng
_cCRL
041 _aara
_2ara
084 _aP28:2-3 N9
_qCRL
100 _aBaalbaki Ramzi Muneer Au.
_9724077
245 0 _aFiqah al-arbia al maqarin
_cBaalbaki Ramzi Muneer Au.
260 _aBeirut, Lebanon
_bDaraul ilm al malaien
_c1999
300 _a277p.
365 _aINR
_b1824
650 _aArabic Language
_931794
942 _cTB
_hP28:2-3 N9
999 _c1229927
_d1229927